Library Banner

Single variable calculus : (Record no. 111737)

MARC details
000 -LEADER
fixed length control field 00611cam a22002175i 4500
001 - CONTROL NUMBER
control field 18672961
005 - DATE AND TIME OF LATEST TRANSACTION
control field 20190330105410.0
008 - FIXED-LENGTH DATA ELEMENTS--GENERAL INFORMATION
fixed length control field 150624s2016 at a 001 0 eng
020 ## - INTERNATIONAL STANDARD BOOK NUMBER
International Standard Book Number 9781305270336 (hbk)
020 ## - INTERNATIONAL STANDARD BOOK NUMBER
International Standard Book Number 1305270339 (hbk)
040 ## - CATALOGING SOURCE
Transcribing agency PK-LaUMT
082 00 - DEWEY DECIMAL CLASSIFICATION NUMBER
Classification number 515
Edition number 23
Item number STE-S
100 1# - MAIN ENTRY--PERSONAL NAME
Personal name Stewart, James
245 10 - TITLE STATEMENT
Title Single variable calculus :
Remainder of title early transcendentals /
Statement of responsibility, etc James Stewart
250 ## - EDITION STATEMENT
Edition statement 8th ed.
260 ## - PUBLICATION, DISTRIBUTION, ETC. (IMPRINT)
Place of publication, distribution, etc Boston :
Name of publisher, distributor, etc Cengage Learning,
Date of publication, distribution, etc 2016
300 ## - PHYSICAL DESCRIPTION
Extent 790 p. :
Other physical details illustrations (some color) ;
Dimensions 26 cm
500 ## - GENERAL NOTE
General note Includes index.
650 #0 - SUBJECT ADDED ENTRY--TOPICAL TERM
Topical term or geographic name as entry element Calculus
942 ## - ADDED ENTRY ELEMENTS (KOHA)
Koha item type Books
Holdings
Withdrawn status Lost status Damaged status Home library Current library Date acquired Full call number Barcode Date last seen Price effective from Koha item type
      UMT Main Campus UMT Main Campus 2019-03-30 515 STE-S 128663 2019-12-07 2019-03-30 Books